Country Wordle #5 - Statistics

General Stats
  • This quiz has been taken 376 times
  • The average score is 18 of 24
Answer Stats
Answer % Correct
India
84%
China
82%
Italy
81%
Japan
81%
Spain
80%
Yemen
79%
Libya
78%
Egypt
77%
Haiti
77%
Palau
77%
Ghana
76%
Nauru
76%
Nepal
76%
Tonga
76%
Chile
75%
Kenya
75%
Malta
75%
Niger
75%
Qatar
75%
Samoa
75%
Gabon
74%
Sudan
74%
Benin
73%
Syria
71%
No matching quizzes found
Score Distribution
Percent of People with Each Score
Percentile by Number Answered
Your Score History
You have not taken this quiz